|
|
|
|
| LEADER |
02536nam a2200565 4500 |
| 001 |
ocn878676551 |
| 003 |
OCoLC |
| 005 |
20171024110253.0 |
| 006 |
m o d |
| 007 |
cr cnu|||unuuu |
| 008 |
140430s2014 enk ob 001 0 eng d |
| 040 |
|
|
|a DG1
|b eng
|e rda
|e pn
|c DG1
|d CUS
|d YDXCP
|d OCLCF
|d OCLCQ
|d DG1
|d LIP
|d VLB
|d GrThAP
|
| 020 |
|
|
|a 9781118931110
|q (electronic bk.)
|
| 020 |
|
|
|a 1118931114
|q (electronic bk.)
|
| 024 |
7 |
|
|a 10.1002/9781118931110
|2 doi
|
| 029 |
1 |
|
|a AU@
|b 000053138898
|
| 029 |
1 |
|
|a CHBIS
|b 010259567
|
| 029 |
1 |
|
|a CHVBK
|b 325940266
|
| 029 |
1 |
|
|a GBVCP
|b 786695323
|
| 029 |
1 |
|
|a NZ1
|b 15568570
|
| 029 |
1 |
|
|a NZ1
|b 15906742
|
| 029 |
1 |
|
|a DEBBG
|b BV041877953
|
| 029 |
1 |
|
|a CHVBK
|b 480232806
|
| 029 |
1 |
|
|a CHNEW
|b 000943063
|
| 029 |
1 |
|
|a DEBSZ
|b 485047985
|
| 029 |
1 |
|
|a GBVCP
|b 881929492
|
| 035 |
|
|
|a (OCoLC)878676551
|
| 050 |
|
4 |
|a TA355
|
| 082 |
0 |
4 |
|a 620.3
|2 23
|
| 049 |
|
|
|a MAIN
|
| 100 |
1 |
|
|a Lalanne, Christian,
|e author.
|
| 245 |
1 |
0 |
|a Sinusoidal vibration /
|c Christian Lalanne.
|
| 250 |
|
|
|a Third edition.
|
| 264 |
|
1 |
|a London, UK :
|b ISTE,
|c 2014.
|
| 264 |
|
1 |
|a Hoboken, N.J. :
|b Wiley,
|c 2014.
|
| 300 |
|
|
|a 1 online resource (xxi, 423).
|
| 336 |
|
|
|a text
|b txt
|2 rdacontent
|
| 337 |
|
|
|a computer
|b c
|2 rdamedia
|
| 338 |
|
|
|a online resource
|b cr
|2 rdacarrier
|
| 490 |
1 |
|
|a Mechanical vibration and shock analysis ;
|v volume 1
|
| 505 |
0 |
|
|a The Need / Christian Lalanne -- Basic Mechanics / Christian Lalanne -- Response of a Linear One-Degree-of-Freedom Mechanical System to an Arbitrary Excitation / Christian Lalanne -- Impulse and Step Responses / Christian Lalanne -- Sinusoidal Vibration / Christian Lalanne -- Response of a Linear One-Degree-of-Freedom Mechanical System to a Sinusoidal Excitation / Christian Lalanne -- Non-Viscous Damping / Christian Lalanne -- Swept Sine / Christian Lalanne -- Response of a Linear One-Degree-of-Freedom System to a Swept Sine Vibration / Christian Lalanne -- Appendix: Laplace Transformations -- Vibration Tests: A Brief Historical Background.
|
| 504 |
|
|
|a Includes bibliographical references (pages 373-386) and index.
|
| 588 |
0 |
|
|a Online resource; title from PDF title page (Wiley, viewed June 4, 2014).
|
| 650 |
|
0 |
|a Vibration.
|
| 650 |
|
0 |
|a Shock (Mechanics)
|
| 650 |
|
7 |
|a Shock (Mechanics)
|2 fast
|0 (OCoLC)fst01116709
|
| 650 |
|
7 |
|a Vibration.
|2 fast
|0 (OCoLC)fst01166160
|
| 830 |
|
0 |
|a Mechanical vibration and shock analysis ;
|v volume 1.
|
| 856 |
4 |
0 |
|u https://doi.org/10.1002/9781118931110
|z Full Text via HEAL-Link
|
| 994 |
|
|
|a 92
|b DG1
|